000 00750nam a2200217Ii 4500
003 JO-AjNU
008 230605s9999||||xx |||||||||||||| ||und||
017 _a1999/9/1589
040 _aJO-AjNU
_bara
_erda
_cJO-AjNU
041 _aara
050 1 4 _aK3276.D3297 2007
100 3 _aإعداد الدباس، نزيه,
_eauthor
_953221
245 0 0 _aالتشريعات والقوانين السياحية والفندقية
250 _aط2
264 3 1 _aعمان: دار الحامد للنشر والتوزيع، 2007
300 _a348ص
336 _atext
_btxt
_2rdacontent
337 _aunmediated
_bn
_2rdamedia
338 _avolume
_bnc
_2rdacarrier
650 4 _aالاردن - السياجة - القوانين والتشريعات
_953222
999 _aA23623
_c27191
_d27191